000 00301nam a22001337a 4500
020 _a978-93-84736-54-5
082 _a823
_bKAN/F
100 _aKANAKARAGHAVAN
245 _aTHE FIF TREE AND THE PARROT
260 _aTHRISSUR
_bH&C
300 _a48
650 _aENGLISH SHORT STORY
_zKERALA
942 _cBK
999 _c3581
_d3581